000
00317nam a2200133Ia 4500
008
180730s9999||||xx |||||||||||||| ||und||
020
_a
9788121903462
082
_a
320
_b
ASI/P
100
_a
Asirvatham, Eddy
245
0
_a
Political Theory
260
_a
New Delhi
_b
S. Chand & Co.
700
_a
K. K. Mishra
942
_c
BK
999
_c
654
_d
654